[Event "Jirasek Memorial op 23rd"]
[Site "Rakovnik"]
[Date "2011.08.12"]
[Round "8"]
[White "Hlavac, Rudolf"]
[Black "Hinz, Frantisek"]
[Result "1/2-1/2"]
[WhiteElo "2064"]
[BlackElo "2015"]
[PlyCount "77"]
[EventDate "2011.08.06"]
[EventType "swiss"]
[EventRounds "9"]
[EventCountry "CZE"]
[SourceTitle "CBM 143 Extra"]
[Source "ChessBase"]
[SourceDate "2011.08.29"]
[SourceVersion "1"]
[SourceVersionDate "2011.08.29"]
[SourceQuality "1"]

1. e4 c5 2. Nf3 d6 3. d4 cxd4 4. Qxd4 Qc7 5. c4 Nf6 6. Nc3 e6 7. b3 Be7 8. Bb2 a6 9. Be2 0-0 10. 0-0 b6 11. Rfe1 Bb7 12. Bd3 Nbd7 13. Rad1 Ne5 14. Qe3 Rac8 15. h3 Nfd7 16. Bb1 Bf6 17. Nd4 Rfd8 18. Kh1 Nc6 19. Nde2 Qb8 20. Rd2 Ne7 21. Red1 d5 22. exd5 exd5 23. Nxd5 Nxd5 24. cxd5 Bxb2 25. Rxb2 Nf6 26. Nf4 Re8 27. Qd4 Qd6 28. Rbd2 Re5 29. b4 Rce8 30. Kh2 g5 31. g3 gxf4 32. Qxf4 Rd8 33. a3 Rxd5 34. Rxd5 Bxd5 35. Qg5+ Kf8 36. Ba2 Qe6 37. Bxd5 Rxd5 38. Rxd5 Nxd5 39. Qd8+ 1/2-1/2

[Event "Jirasek Memorial op 23rd"]
[Site "Rakovnik"]
[Date "2011.08.10"]
[Round "6"]
[White "Jirkovsky, Tomas"]
[Black "Hinz, Frantisek"]
[Result "0-1"]
[WhiteElo "2073"]
[BlackElo "2015"]
[PlyCount "78"]
[EventDate "2011.08.06"]
[EventType "swiss"]
[EventRounds "9"]
[EventCountry "CZE"]
[SourceTitle "CBM 143 Extra"]
[Source "ChessBase"]
[SourceDate "2011.08.29"]
[SourceVersion "1"]
[SourceVersionDate "2011.08.29"]
[SourceQuality "1"]

1. e4 c5 2. Nc3 d6 3. g3 Nf6 4. Bg2 e6 5. d3 Nbd7 6. f4 Rb8 7. Nf3 b5 8. a3 Bb7 9. 0-0 a6 10. Be3 Ng4 11. Bd2 Be7 12. h3 Ngf6 13. Be3 0-0 14. g4 d5 15. e5 Ne8 16. Ne2 g6 17. Ng3 Ng7 18. f5 exf5 19. gxf5 Bh4 20. Nxh4 Qxh4 21. e6 fxe6 22. fxe6 Nxe6 23. Qg4 Qxg4 24. hxg4 d4 25. Bxb7 Rxb7 26. Bh6 Rxf1+ 27. Nxf1 g5 28. Re1 Kf7 29. Ng3 Nf6 30. Ne4 Nxe4 31. Rxe4 Kf6 32. Kf2 Rd7 33. Kg3 Rd6 34. Re1 Kg6 35. Rh1 Rc6 36. Kf3 Nd8 37. Ke4 Nf7 38. Bf8 Rc8 39. Kd5 Rxf8 0-1

[Event "Prague Golden op"]
[Site "Prague"]
[Date "2010.07.??"]
[Round "2"]
[White "Hinz, Frantisek"]
[Black "Rous, Daniel"]
[Result "1-0"]
[WhiteElo "2065"]
[BlackElo "1905"]
[PlyCount "60"]
[EventDate "2010.07.??"]
[EventType "swiss"]
[EventRounds "9"]
[EventCountry "CZE"]
[SourceTitle "EXT 2012"]
[Source "ChessBase"]
[SourceDate "2011.11.24"]
[SourceVersion "1"]
[SourceVersionDate "2011.11.24"]
[SourceQuality "1"]

1. c4 Nf6 2. Nc3 g6 3. e4 e5 4. Nf3 Nc6 5. Be2 Bg7 6. d3 h6 7. h3 d6 8. Be3 0-0 9. Qd2 Kh7 10. a3 a5 11. b3 Nd7 12. g4 Nd4 13. Bxd4 exd4 14. Nb5 Nc5 15. Rb1 a4 16. Nbxd4 axb3 17. Nxb3 Rxa3 18. Qb4 Ra2 19. Nxc5 dxc5 20. Qxc5 Bc3+ 21. Kf1 f5 22. gxf5 gxf5 23. e5 f4 24. d4 b6 25. Bd3+ Bf5 26. Bxf5+ Rxf5 27. Qd5 Qe8 28. Qe4 Qf7 29. e6 Qf6 30. e7 Bxd4 1-0

[Event "CZE-chT3A Middle 0506  "]
[Site "Czech Republic"]
[Date "2006.03.05"]
[Round "9.1"]
[White "Jandourek, Lukas"]
[Black "Hinz, Frantisek"]
[Result "1-0"]
[WhiteElo "2247"]
[BlackElo "1965"]
[PlyCount "74"]
[EventDate "2005.10.30"]
[EventType "team"]
[EventRounds "11"]
[EventCountry "CZE"]
[SourceTitle "EXT 2009"]
[Source "ChessBase"]
[SourceDate "2008.11.26"]
[SourceVersion "1"]
[SourceVersionDate "2008.11.26"]
[SourceQuality "1"]

1. e4 d6 2. d4 Nf6 3. Nd2 g6 4. Ngf3 Bg7 5. c3 0-0 6. Be2 Nbd7 7. 0-0 c6 8. b3 Qc7 9. Re1 e5 10. Bf1 Re8 11. Bb2 Nf8 12. c4 exd4 13. Nxd4 Ne6 14. g3 Nc5 15. Qc2 a5 16. Bg2 Ng4 17. Rad1 Ne5 18. Nf1 Bg4 19. f3 Bd7 20. Ne3 Rad8 21. h3 Bc8 22. f4 Ned7 23. Ng4 h5 24. Nf2 Nf6 25. Bf3 Re7 26. Kg2 Rde8 27. Re2 Bd7 28. Bc3 b5 29. cxb5 cxb5 30. Bb2 Qb8 31. e5 dxe5 32. Nc6 Bxc6 33. Bxc6 exf4 34. Rxe7 Rxe7 35. Qxc5 Re2 36. Bxf6 Bxf6 37. Qxb5 Qxb5 1-0

[Event "CZE-chT3A Middle 0506  "]
[Site "Czech Republic"]
[Date "2006.01.08"]
[Round "5.1"]
[White "Hinz, Frantisek"]
[Black "Vanka, Miloslav"]
[Result "0-1"]
[WhiteElo "1965"]
[BlackElo "2247"]
[PlyCount "80"]
[EventDate "2005.10.30"]
[EventType "team"]
[EventRounds "11"]
[EventCountry "CZE"]
[SourceTitle "EXT 2009"]
[Source "ChessBase"]
[SourceDate "2008.11.26"]
[SourceVersion "1"]
[SourceVersionDate "2008.11.26"]
[SourceQuality "1"]

1. d4 Nf6 2. c4 e6 3. Nc3 Bb4 4. a3 Bxc3+ 5. bxc3 c5 6. e3 0-0 7. Bd3 Nc6 8. Ne2 b6 9. e4 Ne8 10. 0-0 Ba6 11. f4 f5 12. exf5 exf5 13. Be3 d6 14. Ng3 g6 15. Qf3 Rc8 16. Rad1 Qf6 17. Rfe1 Na5 18. Qe2 Qf7 19. d5 Ng7 20. Nf1 Qd7 21. Qa2 Nh5 22. Nd2 Qa4 23. Be2 Nf6 24. Bd3 Rce8 25. Bf2 Nxd5 26. Bc2 Nxc3 27. Bxa4 Rxe1+ 28. Rxe1 Nxa2 29. Bh4 Nc3 30. Bd7 Kg7 31. Be7 Rf7 32. Be8 Nxc4 33. Bxf7 Nxd2 34. Be8 Nde4 35. Bc6 d5 36. g3 d4 37. Bd8 d3 38. Bc7 d2 39. Be5+ Kf8 40. Bxc3 Nxc3 0-1

[Event "CZE-chT3A Middle 0506  "]
[Site "Czech Republic"]
[Date "2005.12.11"]
[Round "4.1"]
[White "Kryspin, Libor"]
[Black "Hinz, Frantisek"]
[Result "1-0"]
[WhiteElo "2085"]
[BlackElo "1965"]
[PlyCount "75"]
[EventDate "2005.10.30"]
[EventType "team"]
[EventRounds "11"]
[EventCountry "CZE"]
[SourceTitle "EXT 2009"]
[Source "ChessBase"]
[SourceDate "2008.11.26"]
[SourceVersion "1"]
[SourceVersionDate "2008.11.26"]
[SourceQuality "1"]

1. e4 d6 2. f4 Nf6 3. Nc3 g6 4. Nf3 Bg7 5. Bc4 c6 6. d3 d5 7. Bb3 dxe4 8. dxe4 Qxd1+ 9. Kxd1 0-0 10. Be3 Ng4 11. Bg1 Bxc3 12. bxc3 Nf6 13. Nd2 Rd8 14. Ke1 Na6 15. h3 Nc7 16. Be3 Nb5 17. c4 Nd4 18. e5 Ne8 19. c3 Nf5 20. Bf2 b6 21. g4 Nfg7 22. Ke2 c5 23. Bc2 Bb7 24. Rhg1 h5 25. Be3 hxg4 26. hxg4 e6 27. Rg3 Kf8 28. Rf1 Rd7 29. Rf2 Rc8 30. Rh2 Ke7 31. Rh7 Kd8 32. Ne4 Bxe4 33. Bxe4 f5 34. exf6 Nxf6 35. Rh8+ Kc7 36. Rxc8+ Kxc8 37. Bxg6 Nge8 38. g5 1-0

[Event "CZE-chT3A Middle 0506  "]
[Site "Czech Republic"]
[Date "2005.10.30"]
[Round "1.1"]
[White "Hinz, Frantisek"]
[Black "Drabek, Vojtech"]
[Result "1-0"]
[WhiteElo "1965"]
[BlackElo "1964"]
[PlyCount "95"]
[EventDate "2005.10.30"]
[EventType "team"]
[EventRounds "11"]
[EventCountry "CZE"]
[SourceTitle "EXT 2009"]
[Source "ChessBase"]
[SourceDate "2008.11.26"]
[SourceVersion "1"]
[SourceVersionDate "2008.11.26"]
[SourceQuality "1"]

1. d4 Nf6 2. c4 g6 3. Nc3 d5 4. Nf3 Bg7 5. Bf4 0-0 6. e3 c5 7. Be2 cxd4 8. Nxd4 Ne4 9. cxd5 Nxc3 10. bxc3 Qxd5 11. 0-0 e5 12. Nb5 Qc5 13. Bg3 Na6 14. Qd6 Bf5 15. Rad1 Be4 16. Bh4 Bc6 17. Qxc5 Nxc5 18. Be7 Bxb5 19. Bxb5 Rfc8 20. f3 a6 21. Be2 b5 22. c4 Na4 23. Rc1 Re8 24. Bd6 Red8 25. c5 Rac8 26. Rfd1 Bf8 27. Bxf8 Kxf8 28. Rxd8+ Rxd8 29. Bd1 Nxc5 30. Kf1 Ne6 31. Ke2 Ke7 32. Rc6 Rd6 33. Rc8 Nd8 34. Rc7+ Rd7 35. Rc5 f6 36. a4 Rb7 37. axb5 axb5 38. Bb3 h5 39. g3 b4 40. Kd3 Ne6 41. Rc6 Nd8 42. Ra6 g5 43. Ke4 Rb5 44. Kf5 Rc5 45. Ba4 e4+ 46. Kxe4 Ne6 47. Ra7+ Kd6 48. Rd7# 1-0